000 00781cam a22002295a 4500
001 W154392
008 101115s xxk f 000 0 eng d
035 _a(Sirsi) u154392
041 0 _aeng
050 0 4 _a692.8 $2 18
110 2 _aFenwick Elliott
_95892
245 0 0 _aAnnual review Archive
_h[electronic resouce]
260 _aLondon
_bFenwick Elliott
520 _aCovers Annual reviews from 1996/97 until present.
520 _aProvides a summary of recent developments in construction and energy law.
590 _aKA
651 4 _aEngland and Wales
_y1543-
690 _aBUILT ENVIRONMENT
700 1 _aGlover, Jeremy
_eEditor
856 4 8 _uhttps://www.fenwickelliott.com/research-insight/annual-review/archive
_zView the archive at www.fenwickelliott.com
942 _n0
999 _c120934
_d120934